The tin deposits of the York region, Alaska /

Bibliographic Details
Main Author: Collier, Arthur J. (Arthur James), 1866-1939 (Author)
Format: Government Document eBook
Language:English
Published: Washington, D.C. : Department of the Interior, United States Geological Survey, 1904.
Series:Bulletin (Geological Survey (U.S.)) ; no. 229.
Series A--Economic geology ; 36.
Subjects:
Online Access:https://purl.fdlp.gov/GPO/gpo60046

MARC

Tag First Indicator Second Indicator Subfields
LEADER 00000cam a2200000 i 4500
001 in00003598331
005 20211120173247.0
006 m o d f
007 cr bn|||||||||
008 111025s1904 dcuabf ob f001 0 eng c
019 |a 882122566 
035 |a (OCoLC)ocn758478933 
040 |a OCLCE  |b eng  |e rda  |e pn  |c OCLCE  |d OCLCQ  |d OCLCF  |d TRAAL  |d OCLCO  |d COP  |d GPO  |d MvI  |d UtOrBLW 
042 |a pcc 
043 |a n-us-ak 
049 |a WWW 
074 |a 0620 (online) 
086 0 |a I 19.3:229 
100 1 |a Collier, Arthur J.  |q (Arthur James),  |d 1866-1939,  |e author.  |0 http://id.loc.gov/authorities/names/no98085666 
245 1 4 |a The tin deposits of the York region, Alaska /  |c by Arthur J. Collier. 
264 1 |a Washington, D.C. :  |b Department of the Interior, United States Geological Survey,  |c 1904. 
264 2 |a Washington :  |b Government Printing Office 
300 |a 1 online resource (61, iii pages, VII pages of plates) :  |b illustrations, maps. 
336 |a text  |b txt  |2 rdacontent 
337 |a computer  |b c  |2 rdamedia 
338 |a online resource  |b cr  |2 rdacarrier 
490 1 |a Geological Survey bulletin ;  |v no. 229 
490 1 |a Series A, Economic geology, 36 
500 |a Title from title screen (viewed Aug. 19, 2015). 
504 |a Includes bibliographical references (pages 55-57) and index. 
650 0 |a Tin ores  |z Alaska. 
650 7 |a Tin ores.  |2 fast  |0 (OCoLC)fst01151326 
651 7 |a Alaska.  |2 fast  |0 (OCoLC)fst01204480 
710 2 |a Geological Survey (U.S.),  |e issuing body.  |0 http://id.loc.gov/authorities/names/n80092173 
776 0 8 |i Print version:  |a Collier, Arthur J. (Arthur James), 1866-1939.  |t Tin deposits of the York region, Alaska.  |d Washington : Govt. Print. Off., 1904  |w (DLC)gs 04000135  |w (OCoLC)4617302 
830 0 |a Bulletin (Geological Survey (U.S.)) ;  |v no. 229.  |0 http://id.loc.gov/authorities/names/no2010146370 
830 0 |a Series A--Economic geology ;  |v 36.  |0 http://id.loc.gov/authorities/names/no2001052278 
856 4 0 |u https://purl.fdlp.gov/GPO/gpo60046  |t 0 
999 f f |s ea58ac57-45f3-3fc6-8362-eb026c037684  |i 3a922d53-c6d1-3fd8-b414-f43856fab66b  |t 0 
952 f f |a Texas A&M University  |b College Station  |c Electronic Resources  |d Available Online  |t 0  |e I 19.3:229  |h Superintendent of Documents classification 
998 f f |a I 19.3:229  |t 0  |l Available Online